[Event "Open"]
[Site "Reykjavik ISL"]
[Date "2009.03.24"]
[Round "1"]
[White "Bjornsson,T"]
[Black "Nataf,IA"]
[Result "0-1"]
[WhiteElo "2173"]
[BlackElo "2533"]

1.e4 c5 2.Nf3 Nc6 3.Nc3 d6 4.d4 cxd4 5.Nxd4 e5 6.Nb3 Nf6 7.Be2 Be7 8.O-O O-O
9.Kh1 a5 10.a4 Be6 11.f4 Nb4 12.f5 Bd7 13.Bg5 Bc6 14.Bf3 Rc8 15.Qd2 h6 16.Bxf6 Bxf6
17.Rad1 Qc7 18.Qxd6 Nxc2 19.Qxc7 Rxc7 20.Rf2 Ne3 21.Rd3 Nc4 22.Nd5 Rcc8 23.Nxf6+ gxf6
24.Nc5 Rfd8 25.b3 Rxd3 26.Nxd3 Rd8 27.Nf4 exf4 28.bxc4 Rd4 29.Rc2 Bxa4 30.Rc1 Bc6
31.h4 a4 32.Kh2 Bxe4 33.Bxe4 Rxe4 34.Rb1 f3 35.gxf3 Rxh4+ 36.Kg3 Rxc4 37.Rxb7 Rc1
38.Ra7 Ra1 39.Ra6 a3 40.Kg2 Kg7 41.Kh2 a2 42.Kg2 h5 43.Ra7 Kh6 44.f4 h4 45.Ra5 Kh5
46.Ra4 Kg4 47.Kh2 Kxf5 48.Kg2 Kg4  0-1

[Event "Open A"]
[Site "Zagreb CRO"]
[Date "2009.03.24"]
[Round "4"]
[White "Armanda,I"]
[Black "Martinovic,Sa"]
[Result "0-1"]
[WhiteElo "2326"]
[BlackElo "2427"]

1.e4 c5 2.Nc3 Nc6 3.Nge2 d6 4.d4 cxd4 5.Nxd4 Nf6 6.Bc4 Qb6 7.Nde2 e6 8.O-O Be7
9.a4 O-O 10.Be3 Qc7 11.Nf4 Bd7 12.Ba2 Ne5 13.Nd3 Nc4 14.Bc1 Rac8 15.h3 a6
16.Re1 b5 17.Bxc4 bxc4 18.Nf4 Bc6 19.Qe2 Qb7 20.a5 d5 21.exd5 exd5 22.Be3 Rfe8
23.Qd1 Bd6 24.Nfe2 Qxb2 25.Bd4 Qb7 26.Bxf6 gxf6 27.Nd4 Rxe1+ 28.Qxe1 Be5
29.Rb1 Qc7 30.Nf5 Re8 31.Qd1 Kh8 32.Nxd5 Qd7 33.Nde3 c3 34.Qh5 Rg8 35.Rd1 Qb7
36.Nh6 Rf8 37.Nef5 Be4 38.Nxf7+ Kg8 39.Qg4+ Kxf7 40.Qg7+ Ke8 41.Rd8+ Kxd8
42.Qxf8+ Kc7 43.Ng7 Qb1+  0-1

[Event "Open"]
[Site "Reykjavik ISL"]
[Date "2009.03.25"]
[Round "2"]
[White "Filosof,A"]
[Black "Kristjansson,St"]
[Result "0-1"]
[WhiteElo "1986"]
[BlackElo "2472"]

1.e4 c5 2.Nc3 Nc6 3.Bb5 g6 4.Bxc6 dxc6 5.d3 Bg7 6.Be3 b6 7.Qd2 e5 8.O-O-O Qe7
9.f4 Bg4 10.Nf3 exf4 11.Bxf4 O-O-O 12.Bg5 f6 13.Be3 Kb7 14.h3 Be6 15.Kb1 h5
16.Nh4 Qe8 17.Rhf1 Ne7 18.Qf2 Rf8 19.Qg3 Bh8 20.Rd2 Rg8 21.Rdf2 Qd7 22.Nf3 g5
23.Nd2 h4 24.Qh2 f5 25.Nb3 c4 26.dxc4 Bxc4 27.Rd2 Bxf1 28.Rxd7+ Rxd7 29.Qg1 Bc4
30.Bc5 Bxb3 31.Bxe7 Bc4 32.Bxg5 Rxg5 33.Qe3 Rg3 34.Qh6 Rxg2  0-1

[Event "Spring Open"]
[Site "Belgrade SRB"]
[Date "2009.03.26"]
[Round "5"]
[White "Petrovic,MilanM"]
[Black "Ivanovic,N"]
[Result "0-1"]
[WhiteElo "1981"]
[BlackElo "2225"]

1.e4 c5 2.Nc3 Nc6 3.Bb5 e5 4.d3 Nge7 5.a4 d6 6.f4 exf4 7.Bxf4 Ng6 8.Qd2 Be7
9.Nf3 O-O 10.Nd5 Bg4 11.Nxe7+ Ncxe7 12.Bg5 d5 13.exd5 Bxf3 14.gxf3 Qxd5 15.O-O Nf5
16.c3 h6 17.Bf4 Nfh4 18.Bc4 Nxf3+ 19.Rxf3 Qxf3 20.Rf1 Qg4+ 21.Bg3 Rad8 22.Qf2 Ne5
23.Qxc5 Nxc4 24.dxc4 Rd2 25.b4 Rd1 26.Qxa7 Rxf1+ 27.Kxf1 Qxc4+ 28.Kg2 Qe4+
29.Kh3 Rd8 30.Qc5 Qe6+ 31.Kg2 Rd2+ 32.Kg1 Qe4 33.Bf2 Rd1+  0-1

[Event "Victor Ciocaltea Mem"]
[Site "Bucharest ROM"]
[Date "2009.03.26"]
[Round "4"]
[White "Burnoiu,N1"]
[Black "Abasov,N"]
[Result "0-1"]
[WhiteElo "2453"]
[BlackElo "2397"]

1.e4 c5 2.Nf3 Nc6 3.Nc3 Nf6 4.Bb5 Qc7 5.O-O Nd4 6.Bc4 a6 7.a4 d6 8.h3 e6
9.d3 Be7 10.Be3 e5 11.Ng5 Ne6 12.f4 exf4 13.Bxf4 O-O 14.Be3 Nxg5 15.Bxg5 Qd8
16.Bf4 Be6 17.Bxe6 fxe6 18.e5 Nd5 19.Nxd5 exd5 20.e6 Qb6 21.Kh1 Rae8 22.Qh5 Qxb2
23.Rae1 g6 24.Qxd5 Rf5 25.Qe4 Ref8 26.Rf3 d5 27.Qe3 Qb4 28.Ref1 Qxa4 29.g4 R5f6
30.Bh6 Rxf3 31.Rxf3 Rxf3 32.Qxf3 Qe8 33.Kg1 a5 34.Qxd5 Qd8 35.Qxb7 a4 36.Qf3 Qe8
37.Bc1 Qf8 38.Qxf8+ Kxf8 39.c4 Bf6 40.Ba3 Bd4+ 41.Kg2 Ke7 42.Kf3 Kxe6 43.Ke4 Kd6
44.Kf4 Bc3 45.Ke3 Bb4 46.Bb2 a3 47.Ba1 Ke6 48.g5 Be1 49.d4 cxd4+ 50.Bxd4 Bh4
51.Bf6 Bxg5+ 52.Kd4  0-1

[Event "25th Spring Festival"]
[Site "Budapest HUN"]
[Date "2009.03.26"]
[Round "7"]
[White "Paschall,W"]
[Black "Berczes,C"]
[Result "1-0"]
[WhiteElo "2354"]
[BlackElo "2383"]

1.e4 c5 2.Nc3 Nc6 3.Bb5 Nd4 4.Bc4 g6 5.Nf3 Bg7 6.Nxd4 cxd4 7.Qf3 Nh6 8.Ne2 O-O
9.d3 Ng4 10.Qg3 Ne5 11.Bb3 Nc6 12.h4 Na5 13.h5 Nxb3 14.axb3 e5 15.f4 d5 16.f5 dxe4
17.dxe4 Qd6 18.hxg6 fxg6 19.Qh4 h5 20.Bg5 Qc6 21.Ng3 Qxc2 22.O-O Qxb3 23.Ra3 Qb6
24.Raf3 Rf7 25.Kh2 Bd7 26.fxg6 Rxf3 27.Qxh5 Bg4 28.Qh7+ Kf8 29.Rxf3+ Bxf3
30.Nf5 Qc7 31.Bh6 Bxe4 32.Qh8+  1-0

[Event "Battle of the GMs"]
[Site "Dapitan PHI"]
[Date "2009.03.27"]
[Round "5"]
[White "Torre,E"]
[Black "Paragua,M"]
[Result "1/2-1/2"]
[WhiteElo "2560"]
[BlackElo "2537"]

1.e4 c5 2.Ne2 Nc6 3.Nbc3 d6 4.d4 cxd4 5.Nxd4 Nf6 6.Be2 e5 7.Nf3 h6 8.O-O Be7
9.Re1 O-O 10.h3 Be6 11.Bf1 Qa5 12.Bd2 Qd8 13.Bc1 Qa5 14.Bd2 Qd8 15.Bc1  1/2-1/2

[Event "TCh-NED 2008-9"]
[Site "Netherlands NED"]
[Date "2009.03.28"]
[Round "7"]
[White "Blokhuis,J"]
[Black "Slagter,R"]
[Result "1-0"]
[WhiteElo "2355"]
[BlackElo "1961"]

1.e4 c5 2.Nc3 Nc6 3.Nge2 g6 4.g3 Bg7 5.Bg2 e6 6.d3 d6 7.Be3 Nge7 8.d4 cxd4
9.Nxd4 a6 10.Qd2 O-O 11.Nxc6 Nxc6 12.Rd1 Ne5 13.b3 Ng4 14.Bd4 Bh6 15.Qe2 e5
16.Bc5 Qc7 17.Bb4 Be6 18.Nd5 Bxd5 19.Rxd5 Nf6 20.Rd3 Rfd8 21.O-O a5 22.Ba3 b5
23.c3 Ra6 24.Rf3 Bg7 25.Qxb5 Rc6 26.Rc1 Nxe4 27.Rd3 f5 28.Qd5+ Kh8 29.Bxe4 fxe4
30.Qxe4 Bh6 31.Rc2 Bf8 32.Bb2 Rc5 33.c4 Bg7 34.Rcd2 Qc6 35.Qh4 Qc7 36.Ba3 Rc6
37.c5 Bf8 38.cxd6 Qf7  1-0

[Event "Open"]
[Site "Reykjavik ISL"]
[Date "2009.03.29"]
[Round "6"]
[White "Filosof,A"]
[Black "Bjarnason,S"]
[Result "1-0"]
[WhiteElo "1986"]
[BlackElo "2211"]

1.e4 c5 2.Nc3 Nc6 3.Bb5 g6 4.Bxc6 bxc6 5.d3 Bg7 6.f4 Nf6 7.Nf3 Ba6 8.O-O d5
9.Re1 e6 10.Kh1 O-O 11.Qd2 Re8 12.Qf2 Nd7 13.e5 Rb8 14.b3 f6 15.Na4 fxe5
16.fxe5 Rf8 17.Nxc5 Nxe5 18.Rxe5 Bxe5 19.d4 Bd6 20.Nxa6 Rb7 21.Qe2 Qf6 22.Bh6 Re8
23.Rf1 Rf7 24.Kg1 e5 25.Nxe5 Bxe5 26.dxe5 Qxe5 27.Qxe5 Rxe5 28.Rxf7 Kxf7
29.Kf2 g5 30.h4 gxh4 31.Be3 Re7 32.Nb4 Rc7 33.Nd3 Ke6 34.Kf3 Rg7 35.Bd4 Rg3+
36.Kf2 Rg8 37.a4 Rf8+ 38.Ke2 Rf7 39.a5 Kf5 40.a6 Re7+ 41.Kf3 h5 42.Bf2 Kg5
43.Nc5 Rf7+ 44.Ke2 Kg4 45.Nb7 h3 46.gxh3+ Kxh3 47.Bxa7 Re7+ 48.Kd3 Re8 49.Bb6 Ra8
50.a7 Kg2 51.Na5 h4 52.Nxc6 h3 53.Bc7 Rg8 54.Nb8  1-0

[Event "Spring Open"]
[Site "Belgrade SRB"]
[Date "2009.03.30"]
[Round "8"]
[White "Nadj Hedjesi,B"]
[Black "Maksimovic,Ma"]
[Result "1-0"]
[WhiteElo "2348"]
[BlackElo "2155"]

1.e4 c5 2.Nc3 Nc6 3.Nge2 d6 4.d4 cxd4 5.Nxd4 Nf6 6.Bg5 Bd7 7.f3 Rc8 8.g4 Nxd4
9.Qxd4 Qa5 10.Bd2 a6 11.O-O-O h6 12.Kb1 Qc5 13.Qxc5 Rxc5 14.h4 g6 15.Be3 Rc8
16.Bd4 e5 17.Be3 Be6 18.Rh2 Be7 19.Rhd2 Kf8 20.Be2 Kg7 21.Rg1 Rhd8 22.Rgd1 Rc6
23.Bf2 Rdc8 24.Bf1 h5 25.Nd5 Bxd5 26.exd5 R6c7 27.g5 Nd7 28.c4 Ra8 29.b3 f5
30.gxf6+ Bxf6 31.Bd3 Kf7 32.Rg1 e4 33.Bxe4 Ne5 34.Bg3 b5 35.Bxe5 Bxe5 36.Bxg6+ Kf6
37.f4 Bc3 38.Re2 Re7 39.Be4 Rg7 40.Rg5 bxc4 41.Kc2 Bd4 42.bxc4 Rb8 43.Kd3 Rb2
44.Rxb2 Bxb2 45.Rxh5 Rg3+ 46.Ke2 Bd4 47.Rf5+ Ke7 48.Bf3 Rh3 49.Rh5 Kf6 50.a4 Kg6
51.Rg5+ Kf6 52.h5 Kf7 53.Rg6 Bf6 54.Ke3 Rh2 55.Ke4 Be7 56.Kf5 Rf2 57.Bg4 Rc2
58.h6 Rxc4 59.Rg7+ Kf8 60.Rxe7 Kxe7 61.h7 Rc8 62.Kg6 Rf8 63.Bh5 a5 64.Kg7 Rxf4
65.h8=Q  1-0

[Event "Spring Open"]
[Site "Belgrade SRB"]
[Date "2009.03.31"]
[Round "9"]
[White "Cetkovic,Mi"]
[Black "Nestorovic,L"]
[Result "1/2-1/2"]
[WhiteElo "2283"]
[BlackElo "2207"]

1.e4 c5 2.Nc3 Nc6 3.Nge2 e5 4.h3 g6 5.d3 Bg7 6.g4 Nge7 7.Bg2 d6 8.f4 exf4
9.Bxf4 Be6 10.Qd2 O-O 11.O-O-O d5 12.exd5 Nxd5 13.Bh6 Nxc3 14.Nxc3 Qd4 15.Bxg7 Qxg7
16.g5 f5 17.gxf6 Rxf6 18.Qe3 Nd4 19.Ne4 Rf5 20.Kb1 Re8 21.h4 Re5 22.Rdf1 Kh8
23.Qf2 Rf5 24.Qd2 b6 25.Ng5 Rxf1+ 26.Rxf1 Bf5 27.Re1 Qd7 28.a3 Kg7 29.Re3 Rxe3
30.Qxe3 h6 31.Qe5+ Kf8 32.Qf6+ Kg8 33.Ne4 Qf7 34.Qe5 Be6 35.c3 Ba2+ 36.Kc1 Qf4+
37.Qxf4 Ne2+ 38.Kd2 Nxf4 39.Bf3 Be6 40.b4 cxb4 41.axb4 a5 42.bxa5 bxa5 43.Nc5 Kf7
44.Ke3 g5 45.hxg5 hxg5 46.c4 Ke7 47.Bd1 Bf7 48.Nb7 Bg6 49.d4 Bf7 50.Nxa5 Kd6
51.Bf3 Be6 52.Ke4 Bf7 53.Kf5 Ne6 54.c5+ Nxc5  1/2-1/2

[Event "Spring Open"]
[Site "Belgrade SRB"]
[Date "2009.03.31"]
[Round "9"]
[White "Vucinic,G"]
[Black "Markovic,Alek"]
[Result "1-0"]
[WhiteElo "1966"]
[BlackElo "1662"]

1.e4 c5 2.Nc3 Nc6 3.Nf3 Nf6 4.d4 d5 5.exd5 Nxd5 6.Nxd5 Qxd5 7.c4 Qe4+ 8.Be3 cxd4
9.Nxd4 e6 10.Be2 Bb4+ 11.Kf1 Nxd4 12.Qxd4 Qxd4 13.Bxd4 f6 14.a3 Be7 15.Bf3 e5
16.Be3 Be6 17.Bd5 Bxd5 18.cxd5 b6 19.Ke2 Kd7 20.Rac1 Rac8 21.Kd3 Kd6 22.Ke4 g6
23.g4 Rhf8 24.Rxc8 Rxc8 25.Rc1 Rxc1 26.Bxc1 b5 27.f4 a5 28.fxe5+ fxe5 29.Bd2 Bf6
30.Bxa5 Kd7 31.Bc3 Kd6 32.Bd2 Bg7 33.g5 Bh8 34.Bb4+ Kd7 35.Bf8 Kc7 36.b3 Kd7
37.a4 bxa4 38.bxa4 Ke8 39.Bd6  1-0

[Event "Victor Ciocaltea Mem"]
[Site "Bucharest ROM"]
[Date "2009.04.01"]
[Round "10"]
[White "Abasov,N"]
[Black "Haznedaroglu,K"]
[Result "1/2-1/2"]
[WhiteElo "2397"]
[BlackElo "2451"]

1.e4 c5 2.Nc3 Nc6 3.Nf3 e5 4.Bc4 Be7 5.d3 Nf6 6.Nd2 a6 7.a4 Nb4 8.Nf1 O-O
9.Ne3 d6 10.g4 Be6 11.g5 Ne8 12.h4 Nc7 13.Qf3 b5 14.axb5 axb5 15.Rxa8 Qxa8
16.Bxe6 fxe6 17.Qg3 d5 18.exd5 exd5 19.Qxe5 d4 20.O-O Qd8 21.Nf5 Rxf5 22.Qxf5 dxc3
23.bxc3 Nbd5 24.c4 bxc4 25.dxc4 Nb6 26.Bf4 Bf8 27.h5 Nxc4 28.g6 Nd6 29.gxh7+ Kh8
30.Rd1 Ncb5 31.Qxc5 Qh4 32.Bg3 Qg4 33.Qd5 Kxh7 34.Qd3+ Kh8 35.Ra1 Nd4 36.Ra8 Kg8
37.c3 Ne2+ 38.Kh2 Qxh5+ 39.Kg2 Nf7 40.Qe4 Nxc3 41.Rxf8+ Kxf8 42.Qa8+ Ke7
43.Qb7+ Ke8 44.Qc6+ Ke7 45.Qxc3 Qd5+ 46.f3 g5 47.Qe3+  1/2-1/2

[Event "16th TCh-RUS HL"]
[Site "Dagomys RUS"]
[Date "2009.04.05"]
[Round "4"]
[White "Simonian,H"]
[Black "Glotov,M"]
[Result "1-0"]
[WhiteElo "2504"]
[BlackElo "2345"]

1.e4 c5 2.Nc3 Nc6 3.Bb5 Nd4 4.Bc4 e6 5.Nge2 Ne7 6.Nxd4 cxd4 7.Ne2 Nc6 8.O-O Be7
9.d3 O-O 10.Bd2 Bf6 11.f4 d5 12.exd5 exd5 13.Bb3 a5 14.a4 Ne7 15.Ng3 g6 16.Qf3 Rb8
17.f5 Bxf5 18.Nxf5 Nxf5 19.Qxd5 Ne3 20.Qxd8 Bxd8 21.Rf3 Bb6 22.Bxe3 dxe3
23.c3 Rbe8 24.Re1 Re7 25.d4 Rfe8 26.Bc4 Rc8 27.Bb5 e2 28.Rf2 Rcc7 29.Rfxe2 Kf8
30.Kf1 Rxe2 31.Rxe2 Re7 32.Rd2 Bc7 33.Kf2 Bd6 34.h3 h5 35.Re2 h4 36.Rxe7 Kxe7
37.Ke3 f5 38.Be2 Kd7 39.Kd3 b6 40.Kc4 Bf4 41.Kb5 Kc7 42.b4 axb4 43.cxb4 Be3
44.Kc4 Bd2 45.Bf3 Be1 46.Bd5 g5 47.Be6 g4 48.Bxf5 gxh3 49.Bxh3 Bd2 50.Bg4 Be1
51.Bf3 Bd2 52.Kb5 Be3 53.d5 Bf2 54.a5 bxa5 55.bxa5 Be3 56.a6 Kd6 57.Kc4 Ba7
58.Bd1 Kc7 59.Kb5 Be3 60.Bb3 Bf2 61.Bc4 Ba7 62.Kb4 Kb6 63.Kc3 Kc5 64.Kc2 Bb6
65.Kd3 Kd6 66.Ke4 Kc5 67.Be2 Kd6 68.Bb5 Bc5 69.Bc6 Kc7 70.Ke5 Kb6 71.Bb7 Kc7
72.Ke6 Bb6 73.d6+ Kd8 74.Kd5 Kd7 75.Bc6+ Kd8 76.Bb5 Bf2 77.Kc6  1-0

[Event "15th Festival Open A"]
[Site "Zupanja CRO"]
[Date "2009.04.07"]
[Round "4"]
[White "Kovacevic,A"]
[Black "Stanojoski,Z"]
[Result "1-0"]
[WhiteElo "2561"]
[BlackElo "2485"]

1.e4 c5 2.Nc3 Nc6 3.Bb5 g6 4.Bxc6 dxc6 5.d3 Bg7 6.Be3 b6 7.Qd2 e5 8.h3 h6
9.Nge2 Nf6 10.O-O g5 11.a3 Be6 12.b4 c4 13.d4 Qd7 14.Rfd1 O-O-O 15.Qe1 Qb7
16.a4 Nh5 17.b5 exd4 18.bxc6 Qxc6 19.Bxd4 Bxd4 20.Nxd4 Qc5 21.Qe3 Nf4 22.a5 Bd7
23.axb6 axb6 24.Nd5 Ne6 25.Ra7 b5 26.Nxe6 Qxe3 27.fxe3 Bxe6 28.Ne7+  1-0

[Event "10th TCh-RUS w"]
[Site "Dagomys RUS"]
[Date "2009.04.08"]
[Round "6"]
[White "Zdebskaja,N"]
[Black "Iljushina,O"]
[Result "1/2-1/2"]
[WhiteElo "2438"]
[BlackElo "2329"]

1.e4 c5 2.Nf3 Nc6 3.Nc3 e5 4.Bc4 Be7 5.d3 Nf6 6.Ng5 O-O 7.f4 exf4 8.Bxf4 d5
9.exd5 Nb4 10.d6 Bxd6 11.O-O Bg4 12.Qd2 Bh5 13.Kh1 Bg6 14.Rae1 Bxf4 15.Rxf4 Nbd5
16.Nxd5 Nxd5 17.Rf2 Nf6 18.Rfe2 Qb6 19.Ne6 Rfe8 20.c3  1/2-1/2

[Event "XL Open"]
[Site "Mar del Plata ARG"]
[Date "2009.04.08"]
[Round "5"]
[White "Daneri,M"]
[Black "Aguinaga,M"]
[Result "1-0"]
[WhiteElo "2149"]
[BlackElo "2002"]

1.e4 c5 2.Nc3 Nc6 3.Bb5 e5 4.d3 d6 5.f4 Ne7 6.Nf3 a6 7.Bc4 b5 8.Bb3 h6 9.O-O Qb6
10.Bxf7+ Kxf7 11.fxe5 Ke6 12.Ng5+ Kd7 13.exd6 hxg5 14.dxe7 c4+ 15.Kh1 Bxe7
16.Bxg5 Qc5 17.dxc4+ Ke8 18.Bxe7 Nxe7 19.Qf3 Qh5 20.Qg3 Bb7 21.h3 g5 22.Qc7 Bc8
23.Nd5 Nxd5 24.Qc6+ Ke7 25.cxd5 Bxh3 26.Qb7+  1-0

[Event "47th Doeberl Cup Premier"]
[Site "Canberra AUS"]
[Date "2009.04.09"]
[Round "2"]
[White "Sengupta,D"]
[Black "Lukman,R"]
[Result "1-0"]
[WhiteElo "2466"]
[BlackElo "2254"]

1.e4 c5 2.Nc3 Nc6 3.Bb5 g6 4.Bxc6 dxc6 5.d3 Bg7 6.f4 c4 7.Qf3 cxd3 8.cxd3 Nf6
9.h3 b6 10.Nge2 Ba6 11.d4 O-O 12.Be3 Ne8 13.g4 f5 14.gxf5 gxf5 15.e5 Qd7
16.Rg1 Nc7 17.O-O-O Nd5 18.Bf2 Kh8 19.Bh4 Bc4 20.Rg3 Bh6 21.Bg5 Bxg5 22.Rxg5 Rg8
23.h4 e6 24.Kb1 Bxe2 25.Nxe2 Qf7 26.Rc1 Ne7 27.Qa3 a5 28.Qb3 b5 29.Qc3 h6
30.Rxg8+ Qxg8 31.Qc5 Re8 32.Qd6 Qf7 33.a3 a4 34.d5 Nxd5 35.Rxc6 Qb7 36.Rc1 b4
37.Qc6 Rb8 38.Qxb7 Rxb7 39.Rc8+ Kg7 40.Kc2 bxa3 41.bxa3 Kf7 42.Ra8 Rb3 43.Rxa4 Rh3
44.Ra7+ Kf8 45.a4 Rxh4 46.a5 Nxf4 47.Nd4 Rh2+ 48.Kb3 Rd2 49.Rd7 Ke8 50.Rd6 Rd3+
51.Kc4 Ra3 52.a6 h5 53.Nb5 Ra1 54.a7 Ke7 55.Rb6 Nd5 56.Rb7+ Kd8 57.Rb8+ Kd7
58.Kb3 Nc7 59.Na3 Rg1 60.Rh8 Rg7 61.Nb5 Rg3+ 62.Ka4 Nd5 63.Rh7+  1-0

[Event "47th Doeberl Cup Premier"]
[Site "Canberra AUS"]
[Date "2009.04.10"]
[Round "4"]
[White "Swathi,G"]
[Black "Brown,An"]
[Result "1-0"]
[WhiteElo "2330"]
[BlackElo "2085"]

1.e4 c5 2.Nf3 Nc6 3.Nc3 e5 4.Bc4 h6 5.d3 d6 6.Nd2 g6 7.Nf1 Bg7 8.Ne3 Be6
9.a3 a6 10.Ncd5 b5 11.Ba2 Nce7 12.c3 Nf6 13.Nxf6+ Bxf6 14.O-O Bxa2 15.Rxa2 Bg7
16.a4 O-O 17.Qb3 Qd7 18.Bd2 Qe6 19.Qxe6 fxe6 20.Rfa1 Rab8 21.axb5 axb5 22.Ra6 Rfd8
23.Kf1 c4 24.dxc4 bxc4 25.Bc1 Kf7 26.Nxc4 d5 27.Na5 dxe4 28.Ke2 Rd7 29.Nc4 Nd5
30.Nd6+ Rxd6 31.Rxd6 Bf8 32.Ra7+ Kf6 33.Rdd7 g5 34.g3 Kg6 35.Ra6 Nf6 36.Rda7 Bc5
37.Rc7 Rb6 38.Rxb6 Bxb6 39.Rc6 Ba7 40.Be3 Bxe3 41.fxe3 Kf7 42.b4 Ke7 43.c4 Kd7
44.b5 Ne8 45.c5 Nc7 46.Rxc7+ Kxc7 47.Kd2  1-0

[Event "ArcelorMittal Open"]
[Site "Frydek Mistek CZE"]
[Date "2009.04.10"]
[Round "4"]
[White "Svana,P"]
[Black "Miculka,P"]
[Result "1-0"]
[WhiteElo "2236"]
[BlackElo "2006"]

1.e4 c5 2.Nf3 Nc6 3.Nc3 Nf6 4.Bb5 Qc7 5.O-O g6 6.Re1 Bg7 7.h3 e5 8.a4 O-O
9.d3 d6 10.Bg5 Be6 11.Bc4 a6 12.Qd2 Nd4 13.Nh2 b6 14.Bxf6 Bxf6 15.Nd5 Bxd5
16.Bxd5 Rab8 17.c3 Ne6 18.g3 Bg5 19.Qe2 h5 20.h4 Bf6 21.Nf1 Qe7 22.Ne3 Bxh4
23.Bxe6 fxe6 24.gxh4 Qxh4 25.Ng2 Qh3 26.Qe3 Rf3 27.Qg5 Rbf8 28.Re3 Rxe3 29.Qxg6+ Kh8
30.Qh6+ Kg8 31.Qxe3 Rf3 32.Qg5+ Kf7 33.Qh4 Qxh4 34.Nxh4 Rxd3 35.Kg2 c4 36.Nf3 Kf6
37.Rh1 b5 38.axb5 axb5 39.Rxh5 b4 40.Rh6+ Ke7 41.Rh7+ Kd8 42.cxb4 Rb3 43.Ng5 Rxb4
44.Nxe6+ Ke8 45.Rc7 c3 46.bxc3 Rxe4 47.f3 Re2+ 48.Kg3 d5 49.Kg4 e4 50.Nd4 exf3
51.Kxf3 Re5 52.Ne2 Kd8 53.Rh7 Rf5+ 54.Ke3 Re5+ 55.Kd3 Ke8 56.Nd4 Kf8 57.Kc2 Ke8
58.Kb3 Kf8 59.Kb4 Ke8 60.Kc5 Re3 61.Nb5  1-0

[Event "Open"]
[Site "Lenk SUI"]
[Date "2009.04.10"]
[Round "2"]
[White "Grillon,A"]
[Black "Lehmann,A"]
[Result "0-1"]
[WhiteElo "2114"]
[BlackElo "2273"]

1.e4 c5 2.Nf3 Nc6 3.Nc3 Nf6 4.d3 g6 5.g3 d5 6.exd5 Nxd5 7.Ne4 Bg7 8.c3 b6
9.Bg2 O-O 10.O-O e5 11.Qc2 h6 12.Ned2 Be6 13.Nc4 Qc7 14.Re1 b5 15.Ne3 Nde7
16.Qe2 Rad8 17.Nc2 f5 18.Nxe5 Qxe5 19.Qxe5 Nxe5 20.d4 cxd4 21.cxd4 Rc8 22.Bf4 Nf7
23.Rxe6 Rxc2 24.Rxe7 Bxd4 25.Bd5 g5 26.Bd6 Bxf2+ 27.Kf1 Rd2 28.Re5 Rd8 29.Bxf7+ Kxf7
30.Bb4 Rxb2 31.Ba3 Bd4 32.Re7+ Kf6 33.Rc1 b4 34.Bxb2 Kxe7 35.Rc7+ Kd6 36.Rc2 Bxb2
37.Rxb2 Kc5 38.Re2 a5 39.Rf2 Rd5 40.Rc2+ Kb5 41.Ke2 Ka4  0-1

[Event "Open"]
[Site "Lenk SUI"]
[Date "2009.04.10"]
[Round "3"]
[White "Lipecki,A"]
[Black "Freuler,R"]
[Result "0-1"]
[WhiteElo "2169"]
[BlackElo "2076"]

1.e4 c5 2.Nc3 Nc6 3.Bb5 Nd4 4.Bc4 e6 5.Nge2 g6 6.O-O Bg7 7.d3 h6 8.Be3 Ne7
9.Qd2 b6 10.Bf4 d5 11.exd5 Nxd5 12.Bxd5 exd5 13.Nxd4 cxd4 14.Rae1+ Kf8 15.Nb5 Bd7
16.Qb4+ Kg8 17.Nxd4 a5  0-1

[Event "KFP Cup"]
[Site "Frydek Mistek CZE"]
[Date "2009.04.11"]
[Round "5"]
[White "Vlasak,Lu"]
[Black "Dvorak,T"]
[Result "1/2-1/2"]
[WhiteElo "2167"]
[BlackElo "2287"]

1.e4 c5 2.Nf3 Nc6 3.Nc3 d6 4.d4 cxd4 5.Nxd4 Nf6 6.Bg5 e6 7.Qd2 a6 8.O-O-O h6
9.Bf4 Bd7 10.Nxc6 Bxc6 11.f3 d5 12.exd5 Nxd5 13.Nxd5 Qxd5 14.Qxd5 Bxd5 15.Bd3 O-O-O
16.Be4 Bxe4 17.Rxd8+ Kxd8 18.Rd1+ Bd5 19.c4 Kd7 20.cxd5 Bb4 21.a3 Rc8+ 22.Kb1 Bf8
23.dxe6+ Kxe6 24.Re1+ Kd5 25.Rd1+ Ke6 26.Re1+ Kd5  1/2-1/2

[Event "FSIMB April"]
[Site "Budapest HUN"]
[Date "2009.04.12"]
[Round "9"]
[White "Lyell,M"]
[Black "Szalanczy,E"]
[Result "1-0"]
[WhiteElo "2300"]
[BlackElo "2295"]

1.e4 c5 2.Nc3 Nc6 3.Bb5 g6 4.Bxc6 dxc6 5.f4 Bg7 6.Nf3 Nh6 7.O-O O-O 8.d3 b6
9.Qe1 f6 10.Qh4 Nf7 11.Bd2 Qc7 12.Rae1 e5 13.f5 g5 14.Qg3 h5 15.Nd1 Bh6 16.Nf2 Kh7
17.Qh3 Nd6 18.a4 Rg8 19.Kh1 h4 20.Nxh4 gxh4 21.Qxh4 Rg5 22.Nh3 Nf7 23.Nxg5+ Nxg5
24.Re3 Qf7 25.Rg3 Qg7 26.Qh5  1-0

[Event "ArcelorMittal Open"]
[Site "Frydek Mistek CZE"]
[Date "2009.04.12"]
[Round "8"]
[White "Weissmann,L"]
[Black "Mandon,F"]
[Result "1/2-1/2"]
[WhiteElo "2146"]
[BlackElo "2257"]

1.e4 c5 2.Nf3 Nc6 3.Nc3 g6 4.d4 cxd4 5.Nxd4 Bg7 6.Be3 Nf6 7.Bc4 O-O 8.Bb3 d6
9.f3 Bd7 10.Qd2 Rc8 11.O-O-O Ne5 12.h4 Nc4 13.Bxc4 Rxc4 14.h5 Qa5 15.hxg6 fxg6
16.Nb3 Qa6 17.e5 Rxc3 18.bxc3 dxe5 19.Bh6 Be6 20.Bxg7 Kxg7 21.Kb2 Rc8 22.Qe3 Qb5
23.Rde1 e4 24.fxe4 h5 25.Qxa7 Rc4 26.Qa5 Qxa5 27.Nxa5 Rc5 28.Nb3 Re5 29.Nd4 Bc4
30.Rh3 Bd5 31.Rhe3 Bxe4 32.c4 Kh6 33.Kc3 h4 34.Nf3 Bxf3 35.Rxe5 Bxg2 36.Rxe7 h3
37.R7e2 Nh5 38.Kd4 Nf4 39.Rf2 g5 40.Ke3 Kh5 41.Rxf4 gxf4+ 42.Kf2 Bc6 43.Kg1 Kg4
44.Kh2 f3 45.Rf1 Be4 46.Rf2 Bf5 47.Rd2 Kf4 48.Rf2 b6 49.c3 Be6 50.c5 bxc5
51.a4 Ke3 52.Kg3 Bd5 53.a5 Bb7 54.a6 Bxa6 55.Rxf3+ Kd2 56.Rf5 Kxc3  1/2-1/2

[Event "ArcelorMittal Open"]
[Site "Frydek Mistek CZE"]
[Date "2009.04.12"]
[Round "8"]
[White "Svana,P"]
[Black "Nguyen,Dinh"]
[Result "1-0"]
[WhiteElo "2236"]
[BlackElo "2032"]

1.e4 c5 2.Nf3 Nc6 3.Nc3 d6 4.d4 cxd4 5.Nxd4 Nf6 6.f3 e5 7.Nb3 Be7 8.Be3 O-O
9.Qd2 a5 10.Bb5 Be6 11.O-O-O Na7 12.Be2 Nc6 13.Na4 Nd7 14.Kb1 Qc7 15.g4 Rab8
16.Bb5 b6 17.h4 Na7 18.Nc3 a4 19.Bxa4 Nc5 20.Bb5 Nxb5 21.Nxb5 Qc6 22.Nc3 b5
23.Nd5 Bd8 24.Nb4 Nxb3 25.cxb3 Qb7 26.Qxd6 Be7 27.Qd2 Rfd8 28.Nd5 Bf8 29.h5 Ra8
30.h6 Qa6 31.a3 Bxd5 32.exd5  1-0

[Event "Open"]
[Site "Lenk SUI"]
[Date "2009.04.12"]
[Round "6"]
[White "Nuri,Kam"]
[Black "Lehmann,A"]
[Result "0-1"]
[WhiteElo "2208"]
[BlackElo "2273"]

1.e4 c5 2.Nc3 Nc6 3.Nge2 Nf6 4.g3 d5 5.exd5 Nd4 6.Bg2 Bg4 7.O-O Nxd5 8.f3 Bf5
9.Ne4 e6 10.c3 Nxe2+ 11.Qxe2 Qb6 12.Kh1 Be7 13.f4 h5 14.h3 Rd8 15.Rd1 h4
16.c4 Nf6 17.g4 Bxe4 18.Bxe4 Nxe4 19.Qxe4 Rd4 20.Qf3 O-O 21.b3 Rfd8 22.d3 Qd6
23.Be3 Rxd3 24.Re1 Bf6 25.Rac1 Bc3 26.Re2 Bd2  0-1

[Event "11th European Senior Team"]
[Site "Velden AUT"]
[Date "2009.04.12"]
[Round "8"]
[White "Winiwarter,F"]
[Black "Ozbilen,H"]
[Result "1-0"]
[WhiteElo "2220"]
[BlackElo "2103"]

1.e4 c5 2.Nf3 Nc6 3.Nc3 d6 4.d4 cxd4 5.Nxd4 Nf6 6.Be2 e6 7.Be3 Be7 8.O-O O-O
9.f4 d5 10.e5 Nd7 11.Kh1 Bc5 12.Na4 Bxd4 13.Bxd4 Nxd4 14.Qxd4 f5 15.Rad1 Qa5
16.Nc3 a6 17.Bf3 Re8 18.Nxd5 exd5 19.Bxd5+ Kf8 20.e6 Nf6 21.Qe5 Qc5 22.Qxf5 Qe7
23.Rfe1 Kg8 24.Bb3 b6 25.Rd7 Qc5 26.Re5 Qf2 27.Rxg7+ Kh8 28.h3 Qh4 29.Rf7 Rg8
30.Re3 Bd7 31.Qe5 Bb5 32.Qxf6+  1-0

[Event "ch-WLS"]
[Site "Cardiff WLS"]
[Date "2009.04.13"]
[Round "6"]
[White "Kett,T"]
[Black "Rees,I"]
[Result "1/2-1/2"]
[WhiteElo "2250"]
[BlackElo "2307"]

1.e4 c5 2.Nf3 Nc6 3.Nc3 g6 4.d4 cxd4 5.Nxd4 Bg7 6.Be3 Nf6 7.Be2 O-O 8.Nb3 d6
9.O-O Be6 10.f4 Qc8 11.Kh1 Bg4 12.Bg1 Bxe2 13.Qxe2 Qg4 14.Qd2 Bh6 15.Qf2 Nh5
16.g3 f5 17.Qg2 e5 18.fxe5 f4 19.gxf4 Qxg2+ 20.Kxg2 Nxf4+ 21.Kh1 dxe5 22.Rad1 Rad8
23.Bc5 Rxd1 24.Rxd1 Rf7 25.Be3 b6 26.Rd6 Nb4 27.Rd2 Kg7 28.a3 Nc6 29.Rd6 Rf6
30.Rd7+ Rf7 31.Rd6  1/2-1/2

[Event "CCF Easter"]
[Site "Coulsdon ENG"]
[Date "2009.04.13"]
[Round "1"]
[White "Radovanovic,J"]
[Black "Cherniaev,A1"]
[Result "1/2-1/2"]
[WhiteElo "2323"]
[BlackElo "2423"]

1.e4 c5 2.Nc3 Nc6 3.Nge2 Nf6 4.g3 d5 5.exd5 Nd4 6.Bg2 Bg4 7.h3 Bf3 8.Bxf3 Nxf3+
9.Kf1 Nd4 10.Nxd4 cxd4 11.Nb5 Qb6 12.c4 dxc3 13.Qa4 O-O-O 14.dxc3 a6 15.Qc4+ Kd7
16.Nd4 Ke8 17.Qa4+ Rd7 18.Nf3 Qd6 19.Kg2 Nxd5 20.c4 Nb6 21.Qb3 Qc6 22.Be3 Nxc4
23.Rac1 b5 24.Qc3 Qe4 25.Bd4 f6 26.Rhe1 Qb7 27.b3 Nd6 28.Kh2 b4 29.Qe3 Nf7
30.Rc4 e5 31.Rec1 Bd6 32.Bb6 g6 33.Rc6 Kf8 34.Nd2 f5 35.Nf3 Kg7 36.Ng5 Nxg5
37.Qxg5 Be7 38.Qe3 Rf8 39.Qxe5+ Bf6 40.Qf4 Bc3 41.Bd4+ Bxd4 42.Rc7 Qd5 43.Rxd7+ Qxd7
44.Rc7 Rf7 45.Rxd7 Rxd7 46.Qd2 a5 47.Kg2 Kf7 48.g4 fxg4 49.hxg4 Ke8 50.Qg5 Bb6
51.Qe5+ Kf7 52.g5 Bc7 53.Qf6+ Kg8 54.Kf1 Rf7 55.Qe6 Kg7 56.Ke2 Bf4  1/2-1/2

[Event "CCF Easter"]
[Site "Coulsdon ENG"]
[Date "2009.04.13"]
[Round "1"]
[White "Ermenkov,Evgenij"]
[Black "Baker,CW"]
[Result "0-1"]
[WhiteElo "2456"]
[BlackElo "2351"]

1.e4 c5 2.Nc3 Nc6 3.Nge2 e5 4.Nd5 Nf6 5.Nec3 Be7 6.Bc4 O-O 7.d3 Nxd5 8.Nxd5 d6
9.O-O Be6 10.f4 exf4 11.Bxf4 Ne5 12.Bb3 Bg5 13.Qe2 Rc8 14.Kh1 b5 15.Bxe5 dxe5
16.a4 a6 17.axb5 axb5 18.Ra6 Qd7 19.Rfa1 Rc6 20.Ra7 Qc8 21.R1a5 c4 22.dxc4 bxc4
23.Ba2 Qb8 24.c3 Bxd5 25.exd5 Rb6 26.Qxc4 Rxb2 27.g3 Be3 28.R7a6 Qd8 29.Rb5 Rd2
30.Rb1 Qg5 31.Rf1 Bf4 32.Rxf4 Qh5 33.Rh6 Qxh6 34.Rh4 Qf6 35.Bb1 Qf3+  0-1